000 00744nam a2200265Ia 4500
001 Para_8992
003 CHAP
008 220125s2004 xx 000 0 und d
010 _a207770
040 _cCHAP
082 _aPA 646.7 H5
100 _aHill, Napoleón
_9174267
245 _aPiense y hágase rico :
_b el método más famoso y efectivo para hacer dinero /
_c por Napoleón Hill
260 _aMéxico, D.F. :
_b Grijalbo
300 _a328 p.
650 _aMotivación (psicología)
_979090
650 _aSuperación personal
_9143097
901 _aPA 646.7 H5
902 _aA
905 _a0000002004 x 0000000000 00
910 _a2004
942 _cPARA
942 _cPARA
_d1
999 _c207770
_d207770